000 00882nam a2200229 a 4500
001 70703
003 BD-RjUL
005 20211209082030.0
008 170419s1980 ii a|||| |||| 00| 0 ben d
035 _a(BD-RjUL)70917
040 _aBD-RjUL
_beng
_cBD-RjUL
041 _aeng
082 _223
_a539.6
_bROA 1980
100 _aরায়, শ্রীপ্রিয়দারঞ্জন
_9209280
245 1 0 _aঅতিকায় অনুর অভিনব কাহিনী /
_cশ্রীপ্রিয়দারঞ্জন রায়
260 _aকলিকাতা :
_bপশ্চিমবঙ্গ রাজ্য পুস্তক পরিষদ,
_c১৯৮০
300 _a৬৫ পৃ. :
_bচিত্র. ;
_c২২ সে. মি.
650 _aঅণু
_9122898
650 _aMolecular
_9159637
650 _aAtoms
_9209282
942 _2ddc
_cBK
999 _c70703
_d70703